000 00303nam a22001337a 4500
008 171005b xxu||||| |||| 00| 0 eng d
020 _a9780898625967
041 _aeng
080 _22ND
_a159.9
100 _a49
101 _aPSI
245 _aHYPERACTIVE CHILDREN GROWN UP
_cWEISS,G
942 _2udc
_cBK
999 _c32080
_d32080